Statistics for G Challenge - Random Questions

Click here to take the quiz!

General Stats

  • This quiz has been taken 70 times
  • The average score is 12 of 15

Answer Stats

HintAnswer% Correct
This country has the biggest population of all countries entirely inside EuropeGermany
98%
Vegetation that often covers a soccer or football fieldGrass
95%
The pink tissue that surrounds the teeth in the mouthGum
95%
A domesticated animal closely related to the sheepGoat
90%
People born in late May or early June belong to this astrological signGemini
88%
Humans have lungs to take in oxygen. What do fish have?Gills
88%
Something a doctor might prescribe you to see betterGlasses
88%
A long-ranged weapon that runs on bulletsGun
88%
This anthropomorphic dog is friends with Mickey MouseGoofy
86%
The biggest city in ScotlandGlasgow
83%
The state of matter that has no fixed shape or volumeGas
78%
A country not to be mistaken for the oily substance created from lard or butterGreece
78%
A famous subway and train station in the center of ManhattanGrand Central Terminal
66%
Another name for the United States Republican PartyGrand Old Party
52%
The capital of BurundiGitega
33%

Score Distribution

Percentile by Number Answered

Percent of People with Each Score

Your Score History

You have not taken this quiz